<?xml version="1.0" encoding="UTF-8"?>
<record
    xmlns:xsi="http://www.w3.org/2001/XMLSchema-instance"
    xsi:schemaLocation="http://www.loc.gov/MARC21/slim http://www.loc.gov/standards/marcxml/schema/MARC21slim.xsd"
    xmlns="http://www.loc.gov/MARC21/slim">

  <leader>00662nam a2200205Ia 4500</leader>
  <controlfield tag="001">43033</controlfield>
  <controlfield tag="003">OSt</controlfield>
  <controlfield tag="005">20150706104333.0</controlfield>
  <controlfield tag="008">140425s9999    xx            000 0 und d</controlfield>
  <datafield tag="020" ind1=" " ind2=" ">
    <subfield code="a">NA</subfield>
  </datafield>
  <datafield tag="040" ind1=" " ind2=" ">
    <subfield code="c">PK-LaUMT</subfield>
  </datafield>
  <datafield tag="082" ind1=" " ind2=" ">
    <subfield code="a">RHC 891.4393</subfield>
    <subfield code="b">KHA-C</subfield>
  </datafield>
  <datafield tag="100" ind1=" " ind2=" ">
    <subfield code="a">Khawar Chaudhry(&#x62E;&#x627;&#x648;&#x631; &#x686;&#x648;&#x6BE;&#x62F;&#x631;&#x6CC;)</subfield>
  </datafield>
  <datafield tag="245" ind1=" " ind2=" ">
    <subfield code="a">Cheekhon mein dabi aawaaz (Urdu)(&#x686;&#x6CC;&#x62E;&#x648;&#x6BA; &#x645;&#x6CC;&#x6BA; &#x627;&#x62F;&#x628;&#x6CC; &#x622;&#x648;&#x627;&#x632;)</subfield>
    <subfield code="c">Khawar Chaudhry(&#x62E;&#x627;&#x648;&#x631; &#x686;&#x648;&#x6BE;&#x62F;&#x631;&#x6CC;)</subfield>
  </datafield>
  <datafield tag="260" ind1=" " ind2=" ">
    <subfield code="a">Faisalabad,Pakistan:(&#x641;&#x6CC;&#x635;&#x644; &#x622;&#x628;&#x627;&#x62F;&#x60C; &#x67E;&#x627;&#x6A9;&#x633;&#x62A;&#x627;&#x646; )</subfield>
    <subfield code="b">Misal Publishers,(&#x645;&#x62B;&#x627;&#x644; &#x67E;&#x628;&#x644;&#x634;&#x631;&#x632;)</subfield>
    <subfield code="c">2008</subfield>
  </datafield>
  <datafield tag="300" ind1=" " ind2=" ">
    <subfield code="a">118 p.</subfield>
  </datafield>
  <datafield tag="546" ind1=" " ind2=" ">
    <subfield code="a">UR</subfield>
  </datafield>
  <datafield tag="650" ind1=" " ind2=" ">
    <subfield code="a">Pakistani literature-Urdu</subfield>
  </datafield>
  <datafield tag="942" ind1=" " ind2=" ">
    <subfield code="c">BK</subfield>
    <subfield code="2">ddc</subfield>
  </datafield>
  <datafield tag="999" ind1=" " ind2=" ">
    <subfield code="c">41044</subfield>
    <subfield code="d">41044</subfield>
  </datafield>
  <datafield tag="952" ind1=" " ind2=" ">
    <subfield code="0">0</subfield>
    <subfield code="1">0</subfield>
    <subfield code="4">0</subfield>
    <subfield code="7">0</subfield>
    <subfield code="a">01</subfield>
    <subfield code="b">01</subfield>
    <subfield code="d">2014-04-25</subfield>
    <subfield code="l">0</subfield>
    <subfield code="o">RHC 891.4393 KHA-C</subfield>
    <subfield code="p">46670</subfield>
    <subfield code="r">2015-07-06 00:00:00</subfield>
    <subfield code="w">2014-05-06</subfield>
    <subfield code="y">BK</subfield>
  </datafield>
</record>
